Statistics for Flags A-Z #1

Click here to take the quiz!

General Stats

  • This quiz has been taken 40 times
  • The average score is 18 of 25

Answer Stats

Answer% Correct
Austria
100%
Brazil
100%
Ireland
94%
Wales
94%
Jordan
92%
European Union
89%
Kazakhstan
89%
Lebanon
89%
North Macedonia
89%
Romania
89%
Philippines
86%
Zambia
83%
Dominica
81%
Hong Kong
72%
Yugoslavia
72%
Vanuatu
67%
Guam
61%
Ottoman Empire
61%
Quebec
61%
Catalonia
56%
Utah
44%
Tennessee
42%
Mississippi
39%
Sardinia
31%
French Polynesia
28%

Score Distribution

Percentile by Number Answered

Percent of People with Each Score

Your Score History

You have not taken this quiz